عرض عادي
عرض مارك
- Gibson, Darril.
مدخل إسم شخص
001 - رقم الضبط
- حقل الضبط: 36313
003 - معرف رقم الضبط
- حقل الضبط: OSt
005 - تاريخ ووقت أخر عملية
- حقل الضبط: 20130803113609.0
008 - عناصر بيانات ثابتة الطول
- حقل تحكم ثابت الطول: 130803|||a|||||| | ||| d
040 ## - مصدر الفهرسة
- هيئة الفهرسة الأصلية: OSt
- وكالة الكتابة: OSt
100 ## - مدخل -- أسم شخص
- إسم شخص: Gibson, Darril.
670 ## - بيانات المصدر موجوده
- الاستشهاد بالمصدر: Work cat.: (OSt)0: Gibson, Darril., Managing risk in information systems /, 2011.
